|
|
|
|
| LEADER |
01159nam a22002057a 4500 |
| 082 |
|
|
|a 920
|b MAD1/V N3
|
| 100 |
|
|
|a മാധവിക്കുട്ടി;
|9 260099
|
| 100 |
|
|
|a Madavikutty
|9 260100
|
| 240 |
|
|
|a Varshangalku mumpu
|
| 245 |
|
|
|a വര്ഷങ്ങള്ക്കു മുമ്പ്
|
| 250 |
|
|
|a 2nd / 1st (1989)
|
| 260 |
|
|
|a Trichur;
|b Current Books;
|c 1993
|
| 300 |
|
|
|a 217p.
|
| 650 |
|
|
|a മലയാളം; ആത്മകഥ; ജീവചരിത്രം; മലയാളസാഹിത്യം
|9 260101
|
| 650 |
|
|
|a Malayalam; Autobiography; Biography; Malayalam Literature; Madavikkutty
|9 260102
|
| 942 |
|
|
|c BK
|
| 999 |
|
|
|c 38410
|d 38410
|
| 952 |
|
|
|0 0
|1 0
|4 0
|6 920_000000000000000_MAD_V_N3
|7 0
|8 Mem
|9 43300
|a MAL
|b MAL
|d 2015-06-20
|e 40070
|g 47.00
|l 0
|o 920 MAD/V N3
|p MAL040070
|r 2015-06-20
|t 1
|w 2015-06-20
|y BK
|
| 952 |
|
|
|0 0
|1 0
|4 0
|6 920_000000000000000_MAD1_V_N3
|7 0
|8 Mem
|9 43301
|a MAL
|b MAL
|d 2016-06-18
|e 57394
|g 160.00
|l 0
|o 920 MAD1/V N3
|p MAL057394
|r 2016-06-18
|t 2
|w 2016-06-18
|y BK
|
| 952 |
|
|
|0 0
|1 0
|4 0
|6 920_000000000000000_MAD_V_N33
|7 0
|8 Mem
|9 43302
|a MAL
|b MAL
|d 2016-06-18
|e 043794
|g 80.00
|l 0
|o 920 MAD/V N3;3
|p MAL043794
|r 2016-06-18
|t 4
|w 2016-06-18
|y BK
|